LEADER 03988nam 2200757 450 001 9910464172203321 005 20210422001933.0 010 $a3-11-033545-X 010 $a3-11-039539-8 024 7 $a10.1515/9783110335453 035 $a(CKB)3360000000515081 035 $a(EBL)1597576 035 $a(SSID)ssj0001402485 035 $a(PQKBManifestationID)11884363 035 $a(PQKBTitleCode)TC0001402485 035 $a(PQKBWorkID)11360394 035 $a(PQKB)10672305 035 $a(MiAaPQ)EBC1597576 035 $a(DE-B1597)213655 035 $a(OCoLC)898769703 035 $a(DE-B1597)9783110335453 035 $a(Au-PeEL)EBL1597576 035 $a(CaPaEBR)ebr11010140 035 $a(CaONFJC)MIL808126 035 $a(EXLCZ)993360000000515081 100 $a20141105h20152015 uy| 0 101 0 $aeng 135 $aur|nu---|u||u 181 $ctxt 182 $cc 183 $acr 200 00$aMetaphor and metonymy across time and cultures $eperspectives on the sociohistorical linguistics of figurative language /$fedited by Javier E. Di?az-Vera 210 1$aBerlin ;$aBoston :$cDe Gruyter Mouton,$d[2015] 210 4$d©2015 215 $a1 online resource (356 p.) 225 1 $aCognitive linguistics research,$x1861-4132 ;$vvolume 52 300 $aDescription based upon print version of record. 311 $a3-11-055509-3 311 $a3-11-033543-3 320 $aIncludes bibliographical references and index. 327 $tFront matter --$tContents --$tFiguration and language history: Universality and variation --$tFour guidelines for diachronic metaphor research --$tLost in transmission? The sense development of borrowed metaphor --$tLoss of prototypical meaning and lexical borrowing: A case of semantic redeployment --$tA complex adaptive systems approach to language, cultural schemas and serial metonymy: Charting the cognitive innovations of ?fingers? and ?claws? in Basque --$tThe interface between synchronic and diachronic conceptual metaphor: The role of embodiment, culture and semantic field --$tThe pivotal role of metaphor in the evolution of human language --$tTwo counter-expectation markers in Chinese --$tThe emergence of diathesis markers from MOTION concepts --$t?Better shamed before one than shamed before all?: Shaping shame in Old English and Old Norse texts --$tThe conceptual profile of the lexeme home: A multifactorial diachronic analysis --$tCognitive patterns in Greek poetic metaphors of emotion: A diachronic approach --$t?Thou com?st in such a questionable shape?: Embodying the cultural model for ghost across the history of English --$tIndex 330 $aThis volume offers new insights into figurative language and its pervasive role as a factor of linguistic change. The case studies included in this book explore some of the different ways new metaphoric and metonymic expressions emerge and spread among speech communities, and how these changes can be related to the need to encode ongoing social and cultural processes in the language. They cover a wide series of languages and historical stages. 410 0$aCognitive linguistics research ;$v52. 606 $aMetaphor$vCross-cultural studies 606 $aMetonyms$vCross-cultural studies 606 $aFigures of speech$vCross-cultural studies 606 $aLinguistic change$vCross-cultural studies 606 $aSociolinguistics 606 $aLanguage and culture 608 $aElectronic books. 615 0$aMetaphor 615 0$aMetonyms 615 0$aFigures of speech 615 0$aLinguistic change 615 0$aSociolinguistics. 615 0$aLanguage and culture. 676 $a808/.032 686 $aEC 3765$qBSZ$2rvk 702 $aDi?az Vera$b Javier E. 801 0$bMiAaPQ 801 1$bMiAaPQ 801 2$bMiAaPQ 906 $aBOOK 912 $a9910464172203321 996 $aMetaphor and metonymy across time and cultures$92488099 997 $aUNINA LEADER 04035nam 2200613 450 001 9910814062003321 005 20180327115852.0 010 $a0-8218-8093-4 010 $a0-8218-3923-3 035 $a(CKB)3240000000069940 035 $a(EBL)3113209 035 $a(SSID)ssj0000629395 035 $a(PQKBManifestationID)11374373 035 $a(PQKBTitleCode)TC0000629395 035 $a(PQKBWorkID)10731691 035 $a(PQKB)10875110 035 $a(MiAaPQ)EBC3113209 035 $a(RPAM)14339259 035 $a(PPN)197107419 035 $a(EXLCZ)993240000000069940 100 $a20060413h20062006 uy| 0 101 0 $aeng 135 $aur|n|---||||| 181 $ctxt 182 $cc 183 $acr 200 10$aOperator theory, operator algebras, and applications $ethe 25th Great Plains Operator Theory Symposium, June 7-12, 2005, University of Central Florida, Florida /$fDeguang Han, Palle E.T. Jorgenson, David Royal Larson, editors 210 1$aProvidence, Rhode Island :$cAmerican Mathematical Society,$d[2006] 210 4$d©2006 215 $a1 online resource (440 p.) 225 1 $aContemporary mathematics,$x0271-4132 ;$v414 300 $aDescription based upon print version of record. 320 $aIncludes bibliographical references. 327 $a""Contents""; ""Introduction""; ""History of the Great Plains Operator Theory Symposium""; ""Applications, wavelets, dynamics, and quantum theory""; ""Weyl-Heisenberg frame wavelets with basic supports""; ""Use of operator algebras in the analysis of measures from wavelets and iterated function systems""; ""A brief introduction to operator quantum error correction""; ""From filters to wavelets via direct limits""; ""Wavelet image compression""; ""Operator theory and harmonic analysis""; ""Wiener-Hopf plus Hankel operators on the real line with unitary and sectorial symbols"" 327 $a""An explicit duality for finite groups""""The corona factorization property""; ""Factorization theory for Wiener-Hopf plus Hankel operators with almost periodic symbols""; ""Non-commutative geometry""; ""On spectral invariance of non-commutative tori""; ""Lipschitz extension constants equal projection constants""; ""C*-algebras""; ""Certain representations of the Cuntz relations, and a question on wavelets decompositions""; ""The Rokhlin property for automorphisms on simple C*-algebras""; ""Some recent topics on C*-algebras and related problems"" 327 $a""Strong shift equivalence in the C*-algebraic setting: Graphs and C*-correspondences""""Topological higher-rank graphs and the C*-algebras of topological 1-graphs""; ""Von Neumann algebras""; ""Diagonals of self-adjoint operators""; ""On the Laplacian subalgebra of certain tensors of group von Neumann algebras""; ""Frames in Hilbert space""; ""Structured Parseval frames in Hilbert C*-modules""; ""Robertson-type theorems for countable groups of unitary operators""; ""The Kadison-Singer conjecture""; ""The Kadison-Singer problem in mathematics and engineering: A detailed account"" 327 $a""Extensions and dilations""""The gauge group of an E0-semigroup""; ""Extensions and dilations for C*-dynamical systems""; ""On some E0-semigroups induced from CP-flows on B(h)""; ""Multivariable operator theory""; ""Trace-class perturbations and functional calculus""; ""Rank preserving maps on CSL algebras"" 410 0$aContemporary mathematics (American Mathematical Society) ;$vv. 414. 606 $aOperator algebras$vCongresses 606 $aOperator theory$vCongresses 615 0$aOperator algebras 615 0$aOperator theory 676 $a515/.724 702 $aHan$b Deguang$f1959- 702 $aJørgensen$b Palle E. T.$f1947- 702 $aLarson$b David R.$f1942- 712 12$aGreat Plains Operator Theory Symposium 801 0$bMiAaPQ 801 1$bMiAaPQ 801 2$bMiAaPQ 906 $aBOOK 912 $a9910814062003321 996 $aOperator theory operator algebras and applications$9374896 997 $aUNINA